Thermoelectrics Handbook (Record no. 1566640)

MARC details
000 -LEADER
fixed length control field 02222nam a2200253Ia 4500
005 - DATE AND TIME OF LATEST TRANSACTION
control field 20260121153837.0
008 - FIXED-LENGTH DATA ELEMENTS--GENERAL INFORMATION
fixed length control field 008 260114s9999 xx 000 0 eng d
020 ## - INTERNATIONAL STANDARD BOOK NUMBER
International Standard Book Number 9781315220390
037 ## - SOURCE OF ACQUISITION
Stock number EBOOK
040 ## - CATALOGING SOURCE
Original cataloging agency CRL
040 ## - CATALOGING SOURCE
Language of cataloging eng
040 ## - CATALOGING SOURCE
Transcribing agency CRL
041 ## - LANGUAGE CODE
Source of code eng
041 ## - LANGUAGE CODE
Language code of text/sound track or separate title eng
084 ## - COLON CLASSIFICATION NUMBER
Assigning agency CRL
100 ## - MAIN ENTRY--PERSONAL NAME
Personal name Hubert Scherrer; Jean-Paul Issi; H. Julian Goldsmid; Chandra Mohan Bhandari; Alexander T. Burkov; Vladimir K. Zaitsev; Mikhail I. Fedorov; Bruce Allen Cook; David Emin; Harald Boettner; Friedemann Voelklein; Andrei A. Snarski; Peter Rogl; Vladimir Semenyuk; G. Jeffrey Snyder; Kevin Patrick Pipe; Vladimir M. Grabov; Yuri V. Ivanov; Terry M. Tritt; Vladimir L. Kuznetsov; Anatolie I. Casian; Lukian Ivanovyc Anatychuk; Alexander A. Balandin; Gang Chen; George Nolas; X.B. Zhao; Robert D. Abelson; Benjamin P. Banney; Mohamed S. El-Genk; Timothy P. Hogan; Kakuei Matsubara; Bo Brummerstedt Iversen; A.A. Pustovalov; Eckhard Mueller; Cronin B. Vining; Peter T. Clarke; Robert M. Weymouth; X.H. Ji; Andreas Meier; Takenobu Kajikawa; Mildred S. Dresselhaus; Ctirad Uher; Yan Kucherov; Dennis D. Klug; Kunihito Koumoto; Gerald D. Mahan; Gao Min; John S. Tse; Rama Venkatasubramanian; Saeid Ghamaty; Yury M. Belov; Joachim Nurnus; Mamoun Ahmed Muhammed; Joachim Schumann; Luca Bertini; Silke Buehler-Paschen; John G. Stockholm; Stanislas Scherrer; Marat V. Vedernikov; Joel Lee Harringa; Tom I-P. Shih; Kamisetty Ramam Rao; Carlo Gatti; Lev Petrovich Bulat; Ivan S. Eremin; Elena A. Gurieva; V.A. Kutasov; L.N. Lukyanova; Oleg N. Uryupin; Oleg J. Luste; Chris Dames; Fausto Cargnoni; Matthias Blumers; Peter L. Hagelstein; Tsuyoshi Kajitani; Sergei M. Manyakin; Mitsuru Matsuura; Michitaka Ohtaki; Ryoji Funahashi; Hamed Saber; Muhammet Toprak; Ichiro Terasaki; Brooks O'Quinn; Brett R. Manners; Edward Siivola; Armin Lambrecht; Axel Schubert; Christian Stiewe; S.G. Keith Williams; T.J. Zhu; Norber B. Elsner; Jack C. Bass; Igor V. Morgunov; D.M. Rowe
9 (RLIN) 999819
245 #0 - TITLE STATEMENT
Title Thermoelectrics Handbook
260 ## - PUBLICATION, DISTRIBUTION, ETC.
Name of publisher, distributor, etc. Taylor and Francis
260 ## - PUBLICATION, DISTRIBUTION, ETC.
Date of publication, distribution, etc. 2006
856 ## - ELECTRONIC LOCATION AND ACCESS
Uniform Resource Identifier <a href="http://www.taylorfrancis.com/books/9781315220390">http://www.taylorfrancis.com/books/9781315220390</a>
942 ## - ADDED ENTRY ELEMENTS (KOHA)
Koha item type eBooks
Holdings
Withdrawn status Lost status Damaged status Not for loan Home library Current library Date acquired Total Checkouts Barcode Date last seen Price effective from Koha item type
        Central Library Central Library 2026-01-21   CL1716475 2026-01-21 2026-01-21 eBooks
Copyright @ Delhi University Library System